Paroles "Los Angeles" de Siaka - Statistiques

Statistiques générales
  • Ce quiz a été pris 19 fois
    11 depuis la dernière actualisation
  • Le résultat moyen est 258 sur 475
Statistiques - réponses
Paroles % Correct
à
100%
a
100%
A
100%
Angeles
100%
c'
100%
d'
100%
de
100%
j'
100%
J'
100%
j'
100%
jour,
100%
l'
100%
Los
100%
n'
100%
P'
100%
Paname
100%
s'
100%
se
100%
serai
100%
Un
100%
une
100%
Une
100%
connu
83%
est
83%
M'
83%
m'
83%
on
83%
On
83%
pas
83%
qu'
83%
qui
83%
sa
83%
superstar
83%
amour
67%
ça
67%
Ça
67%
délaisse
67%
disparaitre
67%
faire
67%
Ils
67%
Je
67%
Le
67%
le
67%
les
67%
ma
67%
mon
67%
ne
67%
ont
67%
pour
67%
t'
67%
va
67%
voulu
67%
amitié
50%
barrée
50%
bénéf
50%
demain
50%
moi
50%
sais
50%
du
50%
en
50%
Encore
50%
encore
50%
ensemble
50%
histoire
50%
La
50%
la
50%
Mais
50%
moi
50%
moi,
50%
plus
50%
que
50%
sais
50%
sais,
50%
sale
50%
toi
50%
tout
50%
ai
33%
au
33%
Au
33%
ces
33%
c'est
33%
dans
33%
dit
33%
Donc
33%
et
33%
Et
33%
hess
33%
me
33%
par
33%
place
33%
si
33%
Si
33%
son
33%
Tu
33%
tu
33%
veux
33%
vie
33%
voudront
33%
assez
17%
assumer
17%
beau
17%
bon
17%
bouche,
17%
bruit
17%
cache
17%
calle
17%
cette
17%
choisit
17%
choses
17%
-ci
17%
Combien
17%
comme
17%
Derrière
17%
Dieu
17%
doutes
17%
Elle
17%
elle
17%
enceinte
17%
être
17%
famille
17%
finir
17%
heure-
17%
honte
17%
incapable
17%
jamais
17%
leur
17%
lyrics
17%
math
17%
-même
17%
mêmes
17%
mère
17%
mes
17%
mieux
17%
monde
17%
musique
17%
Non
17%
Non,
17%
nous
17%
oubliés
17%
part
17%
pendant
17%
peut
17%
potentiel
17%
problèmes
17%
prof
17%
remercie
17%
résoudre
17%
retourné
17%
sauvé
17%
sert
17%
servi
17%
seul
17%
soi-
17%
sont
17%
sortiras
17%
suis
17%
talent
17%
talents
17%
tous
17%
veste ?
17%
anniversaire
0%
aurais
0%
avais
0%
avoir
0%
-bas
0%
boules
0%
bowling,
0%
chaque
0%
chemin
0%
cours
0%
crois
0%
demande
0%
des
0%
effrayés
0%
fait
0%
force
0%
français
0%
groupe
0%
Ici-
0%
influence
0%
liquide
0%
longue
0%
meilleur
0%
mettre
0%
mort
0%
nos
0%
parfois
0%
parler
0%
Pourtant
0%
pouvoir
0%
pu,
0%
racaillent
0%
rappelle
0%
rapproche
0%
regardez
0%
séché
0%
Seulement
0%
signer ?
0%
soir,
0%
sommet,
0%
souffrir
0%
souhaite
0%
sur
0%
tapis
0%
tomber
0%
ton
0%
toujours
0%
trop
0%
verra
0%
verras
0%
voudraient
0%
vrai
0%
vu
0%
Aucun quiz correspondant
Distribution des résultats
% des personnes avec chaque résultat
Percentile par nombre de réponses
Votre historique - résultats
Vous n’avez pas pris ce quiz depuis la dernière actualisation